Религия (Запис номер 157820)
[ съкратено ]
| 000 -Лидер | |
|---|---|
| Контролно поле с фиксирана дължина | 01535nam a2200385 c 4500 |
| 003 - Код на организацията, давaща контролен номер | |
| Контролно поле | BLK |
| 005 - Дата и час на последна редакция | |
| Контролно поле | 20180420234410.0 |
| 008 - Елементи от данни с фиксирана дължина | |
| fixed length control field | 180410b bul|||||r ||||||| ||bul|| |
| 010 ## - Наследен системен номер | |
| LC control number | KNG00164771000 |
| 020 ## - Международен стандартен номер на книга ISBN | |
| Международен стандартен номер на книга ISBN | 978-954-01-2766-8 |
| -- | издат.: Просвета |
| 040 ## - Източник на каталожния запис | |
| Идентификатор на билиотеката - собственик на записа | BLK |
| 041 ## - Код за език | |
| Код за езика на текст/звукозапис или на отделно заглавие | Български |
| Код за езика КДБФ | Български |
| 072 #7 - Код за тематичната категория | |
| Код организация | bullib |
| Код за тематична категория | Н372 |
| Текст | Учебни предмети. Учебници Н |
| 080 ## - УДК | |
| Текстов определител УДК | Религиозна литература. Учебници по вероучение (религия) |
| УДК код - определител по УДК | 244 |
| УДК определител | (075.2) |
| УДК - код + определител | 244(075.2) |
| 080 ## - УДК | |
| Текстов определител УДК | Основно образование |
| УДК код - определител по УДК | 372.4 |
| УДК определител | :244(075.2) |
| УДК - код + определител | 372.4:244(075.2) |
| 100 1# - Редна дума - Автор | |
| Автор | Станчева, Ваня Николова |
| Авторска отговорност | първи автор |
| R(LIN) | 333879 |
| 139 ## - Редно поле | |
| Редна дума | Религия |
| Авторски знак | Рел - Р 50 |
| 245 10 - Сведения за заглавието | |
| Заглавие | Религия |
| Подзаглавни данни | За ІІ клас : Православие |
| Редно поле (дума) | Ваня Николова Станчева. |
| 257 ## - Страна на издаване | |
| Страна на създаване/издаване | България |
| 260 ## - Област на издателските данни | |
| -- | София |
| Име на издателя, разпространителя и проч. | Просвета |
| Година на издаване | 2013 |
| Печатница | София : Д. Благоев |
| 300 ## - Физическа характеристика | |
| Страници | 64 с. |
| Илюстрации и др. | с цв. ил. |
| Размери/Мащаб | 24 см |
| 380 ## - Жанр | |
| Жанр | Обществени науки |
| 650 #4 - Допълнително описание по предмет – тема | |
| Основно описание – тема или топоним | Вероучение - учебници |
| 9 (RLIN) | 280578 |
| 650 #4 - Допълнително описание по предмет – тема | |
| Основно описание – тема или топоним | Религия - издания за деца |
| 9 (RLIN) | 253667 |
| 653 ## - Ключова дума – ненормативна | |
| Ключова дума | религиозно възпитание |
| 653 ## - Ключова дума – ненормативна | |
| Ключова дума | християнство |
| 653 ## - Ключова дума – ненормативна | |
| Ключова дума | учебни помагала |
| 653 ## - Ключова дума – ненормативна | |
| Ключова дума | ІІ кл. |
| 659 ## - Тематичен бюлетин | |
| Тематичен бюлетин | Н |
| 852 ## - Местоположение | |
| Форматна сигнатура | Цб 270715 |
| 856 4# - Електронен адрес и достъп | |
| Електронен формат | pdf - файл |
| Път до файла /url/ | |
| 856 4# - Електронен адрес и достъп | |
| Електронен формат | pdf - файл |
| Път до файла /url/ | |
| 942 ## - АРТИКУЛИ | |
| Вид на библиотечния материал | Книги |
| Скрит в OPAC | Не |
| 944 ## - СЪЗДАВАНЕ И РЕДАКЦИЯ на ЗАПИСА | |
| Създаване/Редакция | Създаване |
| Дата на регистрацията/редакция | 05.09.2014 |
| Служител, извършил регистрацията/редакцията | Пенка_Димитрова |
| 944 ## - СЪЗДАВАНЕ И РЕДАКЦИЯ на ЗАПИСА | |
| Създаване/Редакция | Редакция |
| Дата на регистрацията/редакция | 27.06.2016 |
| Служител, извършил регистрацията/редакцията | Виолета_Тройчева |
| 999 ## - СИСТЕМНИ КОНТРОЛНИ НОМЕРА | |
| Koha biblionumber | 157820 |
| Koha biblioitemnumber | 157820 |
| Код за отписване | Код за изгубен артикул | Код за повреда | Коз за рестрикции | Код за отдаване | Артикулен № | Име на библиотеката - собственик | Име на библиотеката, в която се намира в момента | Статус (Текущо местоположение) | Дата на вписване в системата | Местоположение - отдел | Цена в лева | Инвентарен номер | Систематично азбучна сигнатура | Баркод | Номер на екземпляра | Цена в евро | Служебна бележка | Служебен тип на артикула |
|---|---|---|---|---|---|---|---|---|---|---|---|---|---|---|---|---|---|---|
| Не е изгубен | Не е повреден | без рестрикции | ползва се в читалня | 264227 | Регионална библиотека "Любен Каравелов" Русе | Регионална библиотека "Любен Каравелов" Русе | Хранилище | 2014-09-09 | Хранилище | 5.90 | 120000780588 | Цб 270715 | 120000780588 | 1 | 3.02 | Дост: Dp Вид: Д N: 49 Дата: 01.12.2013 | Книги |